Atlético Madrid Record Transfers - Statistics

General Stats
  • This quiz has been taken 537 times
  • The average score is 6 of 10
Answer Stats
Year Country Position From Transfer Fee Player % Correct
2014-2015 France FW Real Sociedad 30M€ Antoine Griezmann
94%
2011-2012 Colombia FW FC Porto 47M€ Radamel Falcao
90%
2014-2015 Croatia FW Bayern Munich 22M€ Mario Mandzukic
85%
2014-2015 Slovenia GK Benfica 16M€ Jan Oblak
81%
2007-2008 Uruguay FW Villarreal 21M€ Diego Forlan
77%
2006-2007 Argentina FW Independiente 21,7M€ Sergio Agüero
72%
1997-1998 Italy FW Juventus 15M€ Christian Vieri
37%
1999-2000 Netherlands FW Leeds United 16,7M€ Jimmy Floyd Hasselbaink
29%
2007-2008 Portugal FW Benfica 20M€ Simao
29%
1999-2000 Brazil MD Middlesbrough 13,8M€ Juninho Paulista
25%
No matching quizzes found
Score Distribution
Percent of People with Each Score
Percentile by Number Answered
Your Score History
You have not taken this quiz